[Event "K41 Aabent Mesterskab 2005-06"]
[Site "Copenhagen"]
[Date "2006.01.03"]
[Round "4"]
[White "Christiansen, Erling Molbaek"]
[Black "Hou, Mads"]
[Result "1/2-1/2"]
[WhiteElo "1816"]
[BlackElo "1424"]
[PlyCount "122"]
[EventDate "2005.??.??"]


1. e4 c5 2. Nc3 Nc6 3. Bc4 e6 4. f4 Nge7 5. e5 d5 6. exd6 Qxd6 7. d3 Nf5 8. Nf3
Nfd4 9. O-O Nxf3+ 10. Qxf3 Nd4 11. Qf2 Bd7 12. a4 a6 13. Be3 Be7 14. Ne4 Qb6
15. c3 Nf5 16. Bxc5 Bxc5 17. Nxc5 Bc6 18. a5 Qc7 19. d4 O-O 20. Bd3 Rfe8 21. b4
Rad8 22. Rae1 Nd6 23. Re5 Bb5 24. Bxb5 Nxb5 25. Qe3 Na3 26. Qe2 Nb5 27. Rf3 Qc6
28. Rfe3 Rd5 29. Rxd5 Qxd5 30. c4 Qxd4 31. cxb5 Qxb4 32. Nxb7 Rc8 33. Qe1 Qd4
34. bxa6 h6 35. g3 Rc2 36. Kf1 Qc4+ 37. Re2 Rc1 38. a7 Rxe1+ 39. Kxe1 Qa6 40.
a8=Q+ Qxa8 41. Rb2 Qa6 42. Kd2 Qc4 43. Rb6 Qd4+ 44. Kc2 Qc4+ 45. Kb2 Qd4+ 46.
Kb3 g5 47. Rb4 Qd3+ 48. Ka4 Qd7+ 49. Rb5 gxf4 50. gxf4 Qd1+ 51. Rb3 h5 52. h4
f6 53. a6 e5 54. fxe5 fxe5 55. Nc5 Qc2 56. Kb5 Qh7 57. Kb6 Qg6+ 58. Kb7 Qf7+
59. Kc6 Qf6+ 60. Kb7 Qe7+ 61. Kb6 Qd6+ 1/2-1/2

[Event "K41 Aabent Mesterskab 2005-06"]
[Site "Copenhagen"]
[Date "2006.01.03"]
[Round "4"]
[White "Edoo, Niels"]
[Black "Hansen, John Laurids"]
[Result "1/2-1/2"]
[WhiteElo "1964"]
[BlackElo "1538"]
[PlyCount "117"]
[EventDate "2005.??.??"]


1. c4 e5 2. Nc3 Nf6 3. Nf3 Nc6 4. g3 Bb4 5. Bg2 O-O 6. O-O Re8 7. d3 d6 8. a3
Bxc3 9. bxc3 h6 10. Rb1 Rb8 11. Nd2 Bd7 12. Nb3 b6 13. d4 Qc8 14. Be3 Ne7 15.
dxe5 dxe5 16. c5 Bf5 17. Ra1 Rd8 18. Qc1 Qe6 19. c4 Rd7 20. a4 Rbd8 21. a5 Ng4
22. axb6 cxb6 23. Bd2 Nf6 24. cxb6 Qxb6 25. Ra3 Nc6 26. c5 Qb5 27. Bc3 Nd4 28.
Nxd4 exd4 29. c6 Rd6 30. Ba5 Rc8 31. Qf4 Qc5 32. Raa1 Re6 33. Rfc1 Qe5 34. Qxe5
Rxe5 35. c7 Ne4 36. Bb4 Rb5 37. Be7 Nc3 38. Bd8 Nxe2+ 39. Kf1 Nxc1 40. Rxc1 Rb1
41. Rxb1 Bxb1 42. Bb7 Bf5 43. Ke2 f6 44. f3 Kf7 45. g4 Bd7 46. Kd3 Ke8 47. Bxc8
Bxc8 48. Kxd4 Kd7 49. f4 Kd6 50. g5 hxg5 51. fxg5 fxg5 52. Bxg5 Kxc7 53. h4 g6
54. Ke5 Kc6 55. Kf6 Bf5 56. Kg7 a5 57. Bf6 a4 58. Kh6 a3 59. h5 1/2-1/2

[Event "K41 Aabent Mesterskab 2005-06"]
[Site "Copenhagen"]
[Date "2006.01.06"]
[Round "4"]
[White "Gjedde, Thomas"]
[Black "Truelsen, Ole Illum"]
[Result "1-0"]
[WhiteElo "1896"]
[BlackElo "1804"]
[PlyCount "95"]
[EventDate "2005.??.??"]


1. d4 e6 2. Nf3 f5 3. c4 d5 4. Nc3 c6 5. Bg5 Nf6 6. e3 Bd6 7. Bd3 O-O 8. O-O
Qe8 9. Qc2 Ne4 10. Bf4 Qe7 11. Bxd6 Qxd6 12. Nd2 Rf6 13. f3 Rh6 14. fxe4 Qxh2+
15. Kf2 fxe4 16. Ndxe4 dxe4 17. Bxe4 Qh4+ 18. Ke2 e5 19. d5 Bg4+ 20. Kd2 Na6
21. Rae1 Nc5 22. Kc1 Qg5 23. b4 Nxe4 24. Nxe4 Qg6 25. Nf2 Bf5 26. e4 Bd7 27.
Nd3 cxd5 28. Nc5 Bg4 29. exd5 Qb6 30. Qc3 Rh5 31. Re4 Qh6+ 32. Kb2 b6 33. Rxg4
bxc5 34. bxc5 Rb8+ 35. Kc2 Qa6 36. Rb1 Rxb1 37. Kxb1 Rh1+ 38. Kb2 Qb7+ 39. Qb3
Qc8 40. Qg3 g6 41. c6 Qf5 42. c7 Rb1+ 43. Kc3 Rc1+ 44. Kb4 Qf8+ 45. Kb5 Rb1+
46. Qb3 a6+ 47. Kc6 Qe8+ 48. Kb7 1-0

[Event "K41 Aabent Mesterskab 2005-06"]
[Site "Copenhagen"]
[Date "2006.01.03"]
[Round "4"]
[White "Ibsen, Johan"]
[Black "Taylor, Ralph"]
[Result "0-1"]
[WhiteElo "1477"]
[BlackElo "1801"]
[PlyCount "76"]
[EventDate "2005.??.??"]


1. e4 c5 2. Nc3 e6 3. f4 d5 4. Nf3 dxe4 5. Nxe4 Nf6 6. Bb5+ Bd7 7. Qe2 Nc6 8.
a4 Be7 9. O-O O-O 10. d3 Nd4 11. Nxd4 cxd4 12. Bc4 Re8 13. Ng5 h6 14. Nf3 Bc6
15. Ne5 Bd5 16. Bb5 Rf8 17. f5 a6 18. Bc4 Bxc4 19. Nxc4 exf5 20. Rxf5 Re8 21.
Qf3 g6 22. Bxh6 Kh7 23. Qh3 gxf5 24. Ne5 Qd5 25. Bf4+ Kg8 26. Qxf5 Nh7 27. Rf1
Qe6 28. Qh5 Bf6 29. Ng4 Bg7 30. Nf2 Qg6 31. Qf3 Bh6 32. Bxh6 Qxh6 33. Ng4 Qg7
34. Qf4 Re6 35. h4 Rg6 36. Ne5 Rf6 37. Qxd4 Rxf1+ 38. Kxf1 Re8 0-1

[Event "K41 Aabent Mesterskab 2005-06"]
[Site "Copenhagen"]
[Date "2006.01.03"]
[Round "4"]
[White "Joensen, Hjalmar"]
[Black "Krogh, Soren"]
[Result "1-0"]
[WhiteElo "1423"]
[BlackElo "1288"]
[PlyCount "61"]
[EventDate "2005.??.??"]


1. d4 Nf6 2. c4 c5 3. d5 e6 4. Nc3 exd5 5. Nxd5 d6 6. Bg5 Bf5 7. Qa4+ Nc6 8.
Nf3 Be7 9. g3 O-O 10. Nxe7+ Qxe7 11. Bg2 Rfe8 12. e3 Rab8 13. O-O a6 14. a3 Ne5
15. Rfd1 Qe6 16. Bxf6 gxf6 17. Nh4 Bg6 18. Nxg6 hxg6 19. Rd5 f5 20. Rad1 b5 21.
cxb5 axb5 22. Qa6 Nc4 23. b3 Nxe3 24. fxe3 Qxe3+ 25. Kh1 Qxb3 26. Rxd6 c4 27.
Rxg6+ Kh7 28. Rh6+ Kg8 29. Rg6+ Kh7 30. Rh6+ Kg7 31. Qf6+ 1-0

[Event "K41 Aabent Mesterskab 2005-06"]
[Site "Copenhagen"]
[Date "2006.01.03"]
[Round "4"]
[White "Katzmann, Svend Aage"]
[Black "Nielsen, Jorgen Kamp"]
[Result "1/2-1/2"]
[WhiteElo "1388"]
[BlackElo "1609"]
[PlyCount "120"]
[EventDate "2005.??.??"]


1. d4 Nf6 2. Nf3 g6 3. c3 Bg7 4. g3 d6 5. Bg2 Nc6 6. O-O Bf5 7. Nbd2 e5 8. Nh4
Be6 9. e3 O-O 10. b3 Rb8 11. Bb2 Ne7 12. c4 exd4 13. exd4 d5 14. h3 Qd7 15. Kh2
c5 16. Nhf3 Nc6 17. Ne5 Nxe5 18. dxe5 Ne8 19. cxd5 Bxd5 20. Bxd5 Qxd5 21. Nc4
Qe6 22. f4 b5 23. Ne3 f6 24. Qd5 Qxd5 25. Nxd5 Rd8 26. exf6 Nxf6 27. Nxf6+ Bxf6
28. Bxf6 Rxf6 29. Rf2 Rfd6 30. Re1 Rd2 31. Ree2 Rxe2 32. Rxe2 Kf7 33. Kg2 c4
34. bxc4 bxc4 35. Rc2 Rd4 36. Kf3 Ke6 37. Rc3 Kd5 38. g4 Rd2 39. Ra3 Kd4 40.
Rxa7 Rd3+ 41. Ke2 Rxh3 42. f5 gxf5 43. gxf5 Re3+ 44. Kf2 Re5 45. Rxh7 Rxf5+ 46.
Ke2 Ra5 47. Rd7+ Kc3 48. Rd2 Rb5 49. a4 Ra5 50. Rd8 Rxa4 51. Rb8 Ra2+ 52. Kd1
Ra1+ 53. Ke2 Kc2 54. Rb7 c3 55. Rb8 Rb1 56. Ra8 Rb4 57. Rc8 Kb2 58. Kd3 Rb3 59.
Rc7 c2+ 60. Kd2 c1=Q+ 1/2-1/2

[Event "K41 Aabent Mesterskab 2005-06"]
[Site "Copenhagen"]
[Date "2006.01.03"]
[Round "4"]
[White "Madsen, Poul Henrik"]
[Black "Ottosen, Peder"]
[Result "1-0"]
[WhiteElo "2026"]
[BlackElo "1957"]
[PlyCount "63"]
[EventDate "2005.??.??"]


1. d4 d5 2. Nf3 Nf6 3. Bf4 Bf5 4. e3 e6 5. Bd3 Bg6 6. O-O Be7 7. h3 Bd6 8. Ne5
Bxd3 9. Qxd3 O-O 10. Bg5 Nbd7 11. f4 c6 12. Nd2 Qc7 13. c4 Nh5 14. c5 Nxc5 15.
dxc5 Bxc5 16. Bh4 Nxf4 17. Rxf4 Qxe5 18. Bf2 Qxb2 19. Nb3 Bd6 20. Rh4 h6 21. e4
Qf6 22. Rg4 dxe4 23. Qxd6 Rad8 24. Qc7 Rd3 25. Rf1 Qb2 26. Nc5 Ra3 27. Rxe4
Rxa2 28. Qxb7 Qc2 29. Rg4 h5 30. Rg3 g6 31. Qxc6 Rd8 32. Qf3 1-0

[Event "K41 Aabent Mesterskab 2005-06"]
[Site "Copenhagen"]
[Date "2006.01.03"]
[Round "4"]
[White "Nielsen, Michael"]
[Black "Thygesen, Morten"]
[Result "1-0"]
[WhiteElo "2034"]
[BlackElo "1879"]
[PlyCount "61"]
[EventDate "2005.??.??"]


1. d4 d5 2. Bf4 c5 3. c3 Nc6 4. e3 Nf6 5. Bd3 e6 6. Nf3 Bd6 7. Bg3 cxd4 8. exd4
Nh5 9. Qd2 Nxg3 10. hxg3 Qf6 11. Na3 a6 12. Nc2 h5 13. Ne3 g6 14. Qe2 Ne7 15.
O-O-O b5 16. Kb1 Bb7 17. g4 Bf4 18. gxh5 gxh5 19. Nc2 Kd7 20. g3 Bd6 21. Ne5+
Bxe5 22. dxe5 Qg7 23. Nd4 Bc6 24. Qe3 Ng6 25. f4 Ne7 26. Nb3 Qg4 27. Be2 Qg6+
28. Bd3 Qg4 29. Na5 Kc7 30. Qc5 Kd7 31. Qd6+ 1-0

[Event "K41 Aabent Mesterskab 2005-06"]
[Site "Copenhagen"]
[Date "2006.01.03"]
[Round "4"]
[White "Nielsen, Palle"]
[Black "Rubin, Jacob"]
[Result "0-1"]
[WhiteElo "1619"]
[BlackElo "1745"]
[PlyCount "104"]
[EventDate "2005.??.??"]


1. c4 e5 2. Nc3 c6 3. e4 Nf6 4. Nf3 d6 5. Be2 Na6 6. O-O Be7 7. d3 Nc5 8. h3
O-O 9. Nh2 Ne6 10. Be3 Qc7 11. Ng4 Bd7 12. g3 Nd4 13. Nxf6+ Bxf6 14. Bg4 Qc8
15. Bxd7 Qxd7 16. Kg2 Ne6 17. f4 exf4 18. gxf4 Bxc3 19. bxc3 f5 20. Qf3 Rf6 21.
Kh2 Re8 22. exf5 Rxf5 23. Qg4 Qf7 24. Rae1 g6 25. Bd2 Rf8 26. Re4 d5 27. cxd5
cxd5 28. Rb4 Qc7 29. Qg3 Nc5 30. Rd4 Qa5 31. Qe1 Qxa2 32. Kg3 Qa6 33. c4 Ne6
34. Rxd5 Rxd5 35. cxd5 Qxd3+ 36. Rf3 Qxd5 37. Bc3 Qf5 38. Qe3 b6 39. Bb4 Rd8
40. Qc3 Ng7 41. Be7 Nh5+ 42. Kf2 Re8 43. Bg5 Rc8 44. Qb3+ Qf7 45. Qa4 Re8 46.
Rd3 Qe6 47. Qd1 Nf6 48. Bxf6 Qxf6 49. Kf3 Qe6 50. Kg3 Kf7 51. Rd7+ Re7 52. Rd6
Qe1+ 0-1

[Event "K41 Aabent Mesterskab 2005-06"]
[Site "Copenhagen"]
[Date "2006.01.03"]
[Round "4"]
[White "Sorensen, Ken"]
[Black "Nielsen, Richard Hjort"]
[Result "1/2-1/2"]
[WhiteElo "1383"]
[BlackElo "1336"]
[PlyCount "89"]
[EventDate "2005.??.??"]


1. e4 c5 2. Nc3 e6 3. Nge2 g6 4. g3 Bg7 5. Bg2 Ne7 6. d3 d6 7. Be3 Nbc6 8. O-O
O-O 9. f4 a6 10. Qd2 Bd7 11. h3 Rc8 12. Rab1 b5 13. a3 Qc7 14. g4 Nd4 15. Ng3
b4 16. Nce2 Nxe2+ 17. Nxe2 Nc6 18. axb4 cxb4 19. d4 a5 20. c3 b3 21. Ra1 f5 22.
d5 Ne7 23. dxe6 Bxe6 24. exf5 gxf5 25. g5 Rfd8 26. Bd4 Bxd4+ 27. Nxd4 Bc4 28.
Rfe1 Re8 29. Kh2 Qc5 30. Ne6 Qb6 31. Qd4 Qxd4 32. Nxd4 Ng6 33. Rxe8+ Rxe8 34.
Rxa5 Nxf4 35. Rxf5 Nxg2 36. Kxg2 Bd3 37. Rf6 Be4+ 38. Kg3 Bc2 39. h4 Re3+ 40.
Kf2 Rxc3 41. Rxd6 Rh3 42. Rb6 Rxh4 43. Nxb3 Rh2+ 44. Kg1 Rh5 45. Kf2 1/2-1/2

[Event "K41 Aabent Mesterskab 2005-06"]
[Site "Copenhagen"]
[Date "2006.01.03"]
[Round "4"]
[White "Wadtland, Flemming"]
[Black "Frederiksen, Alan"]
[Result "0-1"]
[WhiteElo "1168"]
[BlackElo "1539"]
[PlyCount "64"]
[EventDate "2005.??.??"]


1. c4 e5 2. Nc3 Nf6 3. a3 d5 4. cxd5 Nxd5 5. Ne4 f5 6. Ng3 Nf6 7. d3 Be6 8. e3
Be7 9. N3e2 O-O 10. d4 c5 11. dxe5 Qxd1+ 12. Kxd1 Ng4 13. Ke1 Nxe5 14. Nf4 Bb3
15. Be2 Rd8 16. Nf3 Nbc6 17. Nd2 Bc2 18. b3 g5 19. Ra2 Bxb3 20. Nxb3 gxf4 21.
exf4 Nd3+ 22. Bxd3 Rxd3 23. Na1 Bf6 24. Ke2 c4 25. Be3 Rad8 26. f3 Bd4 27. Nc2
Re8 28. Rd1 Bxe3 29. Rxd3 cxd3+ 30. Kxd3 Bxf4 31. g3 Bc7 32. Nb4 Ne5+ 0-1

[Event "K41 Aabent Mesterskab 2005-06"]
[Site "Copenhagen"]
[Date "2006.01.10"]
[Round "5"]
[White "Christensen, Aage"]
[Black "Wadtland, Flemming"]
[Result "1-0"]
[WhiteElo "1567"]
[BlackElo "1168"]
[PlyCount "49"]
[EventDate "2005.??.??"]


1. d4 Nf6 2. c4 d5 3. Nc3 b6 4. Bg5 e6 5. cxd5 h6 6. Bh4 g5 7. Bg3 exd5 8. e3
c6 9. Nf3 Bd6 10. Qa4 Bf5 11. Ne5 Qc8 12. Rc1 O-O 13. Nxc6 Qxc6 14. Qxc6 Nxc6
15. Bxd6 Rfe8 16. Bb5 Bd7 17. O-O Re6 18. Bg3 Bc8 19. Nxd5 Nxd5 20. Bxc6 Rxc6
21. Rxc6 Be6 22. a3 Kh7 23. Rfc1 Re8 24. e4 Bd7 25. exd5 1-0

[Event "K41 Aabent Mesterskab 2005-06"]
[Site "Copenhagen"]
[Date "2006.01.10"]
[Round "5"]
[White "Christensen, Henning"]
[Black "Gjedde, Thomas"]
[Result "0-1"]
[WhiteElo "1623"]
[BlackElo "1896"]
[PlyCount "70"]
[EventDate "2005.??.??"]


1. d4 d5 2. c4 e6 3. Nc3 Nf6 4. Bg5 Be7 5. e3 O-O 6. Nf3 Nbd7 7. Qc2 b6 8. cxd5
exd5 9. Bd3 Bb7 10. Bxf6 Nxf6 11. g4 Re8 12. O-O-O c5 13. Ne5 cxd4 14. exd4 Rc8
15. Qb3 a6 16. Kb1 b5 17. g5 Nh5 18. Bf5 Rc7 19. Bg4 Nf4 20. h4 b4 21. Ne4 Bf8
22. Ng3 Bd6 23. Rhe1 Ng2 24. Re2 Nxh4 25. f4 Ng6 26. Nh5 Bxe5 27. dxe5 Bc8 28.
Bxc8 Qxc8 29. Qxd5 Qg4 30. Rh2 Rec8 31. Qd3 Nf8 32. Qf1 Qf5+ 33. Ka1 a5 34. Rg2
Qh3 35. Ng3 Qxg2 0-1

[Event "K41 Aabent Mesterskab 2005-06"]
[Site "Copenhagen"]
[Date "2006.01.10"]
[Round "5"]
[White "Edoo, Niels"]
[Black "Abildgaard, Kenneth"]
[Result "1-0"]
[WhiteElo "1964"]
[BlackElo "1560"]
[PlyCount "65"]
[EventDate "2005.??.??"]


1. e4 e5 2. Nf3 Nc6 3. Bb5 a6 4. Ba4 Bc5 5. O-O Nge7 6. c3 b5 7. Bb3 d5 8. exd5
Nxd5 9. d4 exd4 10. cxd4 Be7 11. Nc3 Nxc3 12. bxc3 O-O 13. Re1 Bg4 14. h3 Bh5
15. Bf4 Na5 16. Bc2 Nc4 17. a4 c6 18. Bd3 Nb2 19. Bxh7+ Kh8 20. Qc2 Nxa4 21. g4
g6 22. Ne5 Bd6 23. gxh5 Bxe5 24. Rxe5 Qf6 25. Bg5 Qg7 26. hxg6 f6 27. Re6 fxg5
28. Rae1 Ra7 29. Qd2 c5 30. Qxg5 cxd4 31. Re7 Rxe7 32. Rxe7 Qf6 33. g7+ 1-0

[Event "K41 Aabent Mesterskab 2005-06"]
[Site "Copenhagen"]
[Date "2006.01.10"]
[Round "5"]
[White "Eiholt, Bjarne"]
[Black "Gjelstrup, Ole"]
[Result "1-0"]
[WhiteElo "1588"]
[BlackElo "1394"]
[PlyCount "47"]
[EventDate "2005.??.??"]


1. d4 d5 2. c4 e6 3. Nc3 c5 4. cxd5 exd5 5. Nf3 Nf6 6. g3 Be6 7. Bg2 Nbd7 8.
O-O Be7 9. b3 O-O 10. Bb2 Re8 11. dxc5 Nxc5 12. Nd4 Qb6 13. e3 Nce4 14. Rc1
Nxc3 15. Bxc3 Ne4 16. Bb2 Rad8 17. Re1 Bf6 18. Re2 Bg4 19. f3 Nxg3 20. hxg3 Bg5
21. fxg4 Bxe3+ 22. Rxe3 Rxe3 23. Qd2 Rde8 24. Qxe3 1-0

[Event "K41 Aabent Mesterskab 2005-06"]
[Site "Copenhagen"]
[Date "2006.01.10"]
[Round "5"]
[White "Frederiksen, Alan"]
[Black "Sorensen, Ken"]
[Result "0-1"]
[WhiteElo "1539"]
[BlackElo "1383"]
[PlyCount "74"]
[EventDate "2005.??.??"]


1. d4 e6 2. c4 Nf6 3. Nf3 b6 4. g3 Ba6 5. Qc2 Bb4+ 6. Bd2 Bxd2+ 7. Nbxd2 O-O 8.
Bg2 Bb7 9. O-O d6 10. e4 Nbd7 11. Rfe1 e5 12. d5 c5 13. Nf1 a6 14. a4 Qc7 15.
Ne3 Ra7 16. Nd2 Rb8 17. Rf1 Bc8 18. Nf5 Nf8 19. f4 Ng6 20. fxe5 Nxe5 21. Nf3
Nfg4 22. Qe2 Nxf3+ 23. Rxf3 Ne5 24. Rf4 Rab7 25. Raf1 b5 26. Qh5 Bxf5 27. exf5
f6 28. Rh4 h6 29. axb5 axb5 30. b3 bxc4 31. bxc4 Rb2 32. Re1 Rc2 33. Rg4 Kf8
34. Rxe5 dxe5 35. Qg6 Rd8 36. Qh7 Qf7 37. h3 Rd7 0-1

[Event "K41 Aabent Mesterskab 2005-06"]
[Site "Copenhagen"]
[Date "2006.01.10"]
[Round "5"]
[White "Hansen, John Laurids"]
[Black "Christiansen, Erling Molbaek"]
[Result "0-1"]
[WhiteElo "1538"]
[BlackElo "1816"]
[PlyCount "72"]
[EventDate "2005.??.??"]


1. e4 e5 2. Nf3 Nc6 3. Bc4 Bc5 4. Nc3 Nf6 5. d3 h6 6. a3 a5 7. O-O O-O 8. Be3
Qe7 9. Qd2 Kh7 10. Bxc5 Qxc5 11. Nh4 d6 12. Ne2 Be6 13. Ba2 d5 14. exd5 Nxd5
15. Rae1 Rae8 16. Ng3 f5 17. Bb1 Bc8 18. Qd1 Nf4 19. Nh5 Qe7 20. Nxf4 Qxh4 21.
Nd5 Qd8 22. Nc3 Kh8 23. Ne2 f4 24. f3 Nd4 25. c3 Nf5 26. Rf2 Ne3 27. Qa4 b6 28.
d4 Bd7 29. Qb3 Qg5 30. dxe5 Rxe5 31. Nd4 h5 32. Rxe3 fxe3 33. Re2 h4 34. Qc2
Bf5 35. Nxf5 Rexf5 36. Rxe3 Qxe3+ 0-1

[Event "K41 Aabent Mesterskab 2005-06"]
[Site "Copenhagen"]
[Date "2006.01.10"]
[Round "5"]
[White "Hou, Mads"]
[Black "Joensen, Hjalmar"]
[Result "1-0"]
[WhiteElo "1424"]
[BlackElo "1423"]
[PlyCount "131"]
[EventDate "2005.??.??"]


1. e4 c5 2. Nf3 d6 3. c3 Nf6 4. Be2 Nxe4 5. Qa4+ Nc6 6. Qxe4 g6 7. Bb5 Bd7 8.
d4 Qb6 9. Bxc6 Bxc6 10. d5 Bd7 11. O-O Bg7 12. Nbd2 Bf5 13. Qa4+ Bd7 14. Qb3
Qc7 15. Re1 e5 16. dxe6 fxe6 17. Ng5 c4 18. Nxe6 Bxe6 19. Rxe6+ Kd7 20. Nxc4
Kxe6 21. Bf4 Kf6 22. Bxd6 Qf7 23. Be5+ Kg5 24. Bxg7 Qxg7 25. f4+ Kf6 26. Ne5
Qe7 27. Re1 Kg7 28. c4 Rhf8 29. Qc3 Kg8 30. c5 Rac8 31. Nxg6 Qxc5+ 32. Qxc5
Rxc5 33. Nxf8 Kxf8 34. Kf2 Kf7 35. g4 b5 36. h4 a5 37. Kf3 Rc4 38. Re4 Rc2 39.
Re2 Rc4 40. g5 a4 41. Kg4 b4 42. h5 b3 43. axb3 axb3 44. Re3 Rb4 45. Kf5 Rb6
46. Rc3 Rb5+ 47. Kg4 Rb7 48. Rc6 Kg8 49. g6 Kg7 50. gxh7 Kxh7 51. Kg5 Rg7+ 52.
Rg6 Rd7 53. Rb6 Rg7+ 54. Kf5 Rg3 55. Ke4 Rh3 56. h6 Rxh6 57. Rxh6+ Kxh6 58. Kf5
Kg7 59. Ke6 Kf8 60. Kf6 Ke8 61. Kg7 Ke7 62. f5 Kd6 63. f6 Kc5 64. f7 Kd4 65.
f8=Q Kd3 66. Qc8 1-0

[Event "K41 Aabent Mesterskab 2005-06"]
[Site "Copenhagen"]
[Date "2006.01.10"]
[Round "5"]
[White "Madsen, Poul Henrik"]
[Black "Nielsen, Michael"]
[Result "1/2-1/2"]
[WhiteElo "2026"]
[BlackElo "2034"]
[PlyCount "142"]
[EventDate "2005.??.??"]


1. d4 f5 2. g3 Nf6 3. Bg2 e6 4. Nf3 d5 5. O-O Bd6 6. c4 c6 7. Nc3 O-O 8. Bf4
Bxf4 9. gxf4 Bd7 10. Qb3 Qc7 11. Ne5 Be8 12. Rfc1 Qb6 13. c5 Qxb3 14. axb3 Na6
15. e3 Nc7 16. Bf1 Nd7 17. Nf3 Bh5 18. Nd2 h6 19. Be2 Bxe2 20. Nxe2 Kf7 21. f3
g5 22. Kf2 Rg8 23. Rg1 Rg7 24. Rg3 Na6 25. Ra4 Nf6 26. Nc1 gxf4 27. Rxg7+ Kxg7
28. exf4 Nc7 29. Nd3 Nd7 30. Ra1 Nb5 31. Ke3 Kf7 32. Rg1 Rg8 33. Rg3 Rxg3 34.
hxg3 h5 35. b4 Kg6 36. Nb3 b6 37. Nf2 Kf6 38. Nh3 Nb8 39. Nf2 Nd7 40. Ke2 Kg6
41. Kf1 Nc7 42. Na1 Ne8 43. Nc2 Nef6 44. b5 Nb8 45. bxc6 Nxc6 46. b4 b5 47. Nd3
Nd7 48. Kf2 a6 49. Ke3 Kf6 50. Nf2 Ndb8 51. Kd3 Ke7 52. Kc3 Kf6 53. Ne3 Nd7 54.
Ng2 Ndb8 55. Nh4 Ne7 56. Nd3 Nbc6 57. Ne5 Nxe5 58. fxe5+ Kg5 59. Ng2 Nc6 60.
Nf4 Nd8 61. c6 Nxc6 62. Nxe6+ Kg6 63. Nf4+ Kg5 64. Nxd5 a5 65. bxa5 Nxa5 66.
Nc7 f4 67. Ne6+ Kf5 68. Nxf4 h4 69. Ng2 hxg3 70. Kb4 Nc6+ 71. Kc5 b4 1/2-1/2

[Event "K41 Aabent Mesterskab 2005-06"]
[Site "Copenhagen"]
[Date "2006.01.10"]
[Round "5"]
[White "Nielsen, Jorgen Kamp"]
[Black "Lichtenberg, Ivan"]
[Result "1-0"]
[WhiteElo "1609"]
[BlackElo "1289"]
[PlyCount "53"]
[EventDate "2005.??.??"]


1. e4 c5 2. f4 Nc6 3. Nf3 d6 4. Bc4 e6 5. Nc3 Be7 6. d3 Nf6 7. e5 dxe5 8. fxe5
Nd7 9. Qe2 a6 10. O-O b5 11. Bb3 Na5 12. Bf4 Nxb3 13. axb3 O-O 14. Nxb5 Qb6 15.
c4 Bb7 16. Nd6 Qxb3 17. Nd2 Qb6 18. Nxb7 Qxb7 19. Ne4 Qb6 20. Qg4 f6 21. Bh6
Rf7 22. exf6 Qxb2 23. fxe7 Qd4+ 24. Kh1 Kh8 25. Qxe6 Rxf1+ 26. Rxf1 Re8 27.
Qxd7 1-0

[Event "K41 Aabent Mesterskab 2005-06"]
[Site "Copenhagen"]
[Date "2006.01.10"]
[Round "5"]
[White "Nielsen, Palle"]
[Black "Taylor, Ralph"]
[Result "0-1"]
[WhiteElo "1619"]
[BlackElo "1801"]
[PlyCount "79"]
[EventDate "2005.??.??"]


1. e4 e5 2. Nf3 Nc6 3. Bb5 d6 4. d4 Bd7 5. c3 a6 6. Ba4 Nf6 7. O-O h6 8. Re1 b5
9. Bb3 Be7 10. Nbd2 O-O 11. Nf1 Bg4 12. Ng3 Na5 13. Bc2 Nh7 14. h3 Bxf3 15.
Qxf3 Bg5 16. Nf5 Bxc1 17. Raxc1 Qf6 18. h4 Nc6 19. Rcd1 Rfe8 20. Qg3 Qg6 21.
Qxg6 fxg6 22. Bb3+ Kf8 23. Bd5 gxf5 24. Bxc6 f4 25. dxe5 dxe5 26. Bxa8 Rxa8 27.
Rd5 Re8 28. Rd7 Re7 29. Red1 Nf6 30. Rxe7 Kxe7 31. f3 Nd7 32. Kf2 Nb6 33. b3
Nd7 34. g3 Nc5 35. g4 Ne6 36. b4 c5 37. a3 c4 38. Rd5 Kf6 39. Rd6 g5 40. h5 0-1

[Event "K41 Aabent Mesterskab 2005-06"]
[Site "Copenhagen"]
[Date "2006.01.10"]
[Round "5"]
[White "Nielsen, Richard Hjort"]
[Black "Ibsen, Johan"]
[Result "0-1"]
[WhiteElo "1336"]
[BlackElo "1477"]
[PlyCount "50"]
[EventDate "2005.??.??"]


1. e4 e6 2. d4 d5 3. exd5 exd5 4. Bd3 Bd6 5. Nc3 c6 6. Be3 Ne7 7. Qd2 Bf5 8.
Nf3 Bxd3 9. Qxd3 Nd7 10. O-O-O b5 11. h4 Qa5 12. Kb1 Rb8 13. Nd2 b4 14. Ne2 O-O
15. Nb3 Qb6 16. h5 a5 17. g4 a4 18. Nbc1 c5 19. dxc5 Nxc5 20. Bxc5 Bxc5 21. h6
g6 22. f4 b3 23. Qc3 d4 24. Nxd4 Nd5 25. Qc4 bxa2+ 0-1

[Event "K41 Aabent Mesterskab 2005-06"]
[Site "Copenhagen"]
[Date "2006.01.10"]
[Round "5"]
[White "Opstrup, Niels"]
[Black "Katzmann, Svend Aage"]
[Result "0-1"]
[WhiteElo "1240"]
[BlackElo "1388"]
[PlyCount "66"]
[EventDate "2005.??.??"]


1. d4 Nf6 2. c4 g6 3. Nc3 Bg7 4. Bg5 d6 5. e4 O-O 6. Be2 Nbd7 7. f3 c6 8. Qd2
a5 9. a4 Qc7 10. Bh6 b6 11. g4 Bb7 12. Nh3 e5 13. d5 cxd5 14. cxd5 Nc5 15. Bd1
Ba6 16. Nb5 Qd7 17. Bxg7 Kxg7 18. Nf2 Bxb5 19. axb5 Qxb5 20. Ba4 Nxa4 21. Nd3
Nc5 22. Nxc5 bxc5 23. h4 Qb4 24. h5 g5 25. Rh2 Rfb8 26. O-O-O Qxd2+ 27. Rdxd2
Nd7 28. h6+ Kg6 29. Rd3 a4 30. Kc2 Rb4 31. Ra3 Rab8 32. Kc3 Rb3+ 33. Rxb3 Rxb3+
0-1

[Event "K41 Aabent Mesterskab 2005-06"]
[Site "Copenhagen"]
[Date "2006.01.10"]
[Round "5"]
[White "Ottosen, Peder"]
[Black "Weber, John"]
[Result "1-0"]
[WhiteElo "1957"]
[BlackElo "1683"]
[PlyCount "55"]
[EventDate "2005.??.??"]


1. d4 f5 2. c4 Nf6 3. Nf3 e6 4. Nc3 Bb4 5. Qb3 Bxc3+ 6. Qxc3 b6 7. b3 Bb7 8.
Ba3 Nc6 9. g3 Ne7 10. Bg2 h6 11. O-O d6 12. Rad1 O-O 13. Qe3 Qc8 14. c5 Ned5
15. Qc1 Rd8 16. Nd2 Ba6 17. Rfe1 Rb8 18. Nc4 Bxc4 19. Qxc4 b5 20. Qc2 Qa6 21.
Bb2 dxc5 22. dxc5 c6 23. Be5 Rb7 24. Bxf6 gxf6 25. e4 fxe4 26. Qxe4 Rbd7 27.
Qxe6+ Kf8 28. Rxd5 1-0

[Event "K41 Aabent Mesterskab 2005-06"]
[Site "Copenhagen"]
[Date "2006.01.10"]
[Round "5"]
[White "Rubin, Jacob"]
[Black "Laursen, Niels Norskov"]
[Result "0-1"]
[WhiteElo "1745"]
[BlackElo "2084"]
[PlyCount "44"]
[EventDate "2005.??.??"]


1. Nf3 Nf6 2. d4 g6 3. Nc3 d5 4. Bg5 Ne4 5. Nxe4 dxe4 6. Ng1 Bg7 7. c3 b6 8.
Qd2 h6 9. Be3 Bb7 10. Qc2 Nd7 11. f3 Nf6 12. Bd2 O-O 13. Nh3 Re8 14. O-O-O Qc8
15. Nf2 e5 16. dxe5 Rxe5 17. Bf4 Ra5 18. a3 Qe6 19. Rd4 Re8 20. Nd1 c5 21. Rd6
Qe7 22. Qd2 b5 0-1

[Event "K41 Aabent Mesterskab 2005-06"]
[Site "Copenhagen"]
[Date "2006.01.10"]
[Round "5"]
[White "Thygesen, Morten"]
[Black "Brorsen, Jacob Abildlund"]
[Result "1-0"]
[WhiteElo "1879"]
[BlackElo "1652"]
[PlyCount "53"]
[EventDate "2005.??.??"]


1. e4 c5 2. Nf3 d6 3. c3 e6 4. d4 cxd4 5. cxd4 Nf6 6. Nc3 a6 7. Bd3 b5 8. O-O
Be7 9. Re1 Bb7 10. a3 O-O 11. e5 dxe5 12. dxe5 Nd5 13. Ne4 Nd7 14. Bc2 Re8 15.
Nd6 Bxd6 16. Bxh7+ Kf8 17. exd6 N7f6 18. Ne5 Qxd6 19. Qf3 Re7 20. Bg5 Rc7 21.
Qg3 Qb6 22. Qh4 Rac8 23. Rad1 Qa5 24. Be4 Qa4 25. Qh8+ Ke7 26. Qxg7 Qb3 27.
Bxf6+ 1-0

[Event "K41 Aabent Mesterskab 2005-06"]
[Site "Copenhagen"]
[Date "2006.01.10"]
[Round "5"]
[White "Truelsen, Ole Illum"]
[Black "Akdag, Dara Sevkan"]
[Result "1/2-1/2"]
[WhiteElo "1804"]
[BlackElo "1719"]
[PlyCount "26"]
[EventDate "2005.??.??"]


1. c4 e5 2. Nc3 f5 3. g3 Nf6 4. Bg2 Nc6 5. e3 e4 6. d3 Bb4 7. d4 Bxc3+ 8. bxc3
d5 9. c5 O-O 10. Nh3 Na5 11. O-O Nc4 12. a4 Bd7 13. Re1 c6 1/2-1/2

[Event "K41 Aabent Mesterskab 2005-06"]
[Site "Copenhagen"]
[Date "2006.01.24"]
[Round "6"]
[White "Abildgaard, Kenneth"]
[Black "Nielsen, Jorgen Kamp"]
[Result "0-1"]
[WhiteElo "1560"]
[BlackElo "1609"]
[PlyCount "62"]
[EventDate "2005.??.??"]


1. e4 Nf6 2. Nc3 d5 3. Nxd5 Nxd5 4. exd5 Qxd5 5. Nf3 Qa5 6. Be2 g6 7. O-O c5 8.
c3 Bg7 9. d4 cxd4 10. Nxd4 O-O 11. Nb3 Qc7 12. Be3 Nc6 13. Qc1 Re8 14. Rd1 b6
15. Bh6 Bh8 16. h4 Bb7 17. Rd3 Ba6 18. Re3 Bxe2 19. Rxe2 Rad8 20. h5 Rd5 21.
hxg6 hxg6 22. Bf4 Be5 23. Bxe5 Nxe5 24. Qf4 Kg7 25. Nd4 Rh8 26. Rae1 Nf3+ 27.
Nxf3 Qxf4 28. Rxe7 Rdh5 29. Kf1 Qc4+ 30. R1e2 Rh1+ 31. Ng1 Rd8 0-1